000 00764nam a2200205Ia 4500
003 GCL
008 140319s9999 xx 000 0 ara d
040 _aGCL /
_cGCL
082 0 4 _a346.02
_bم ن
100 1 _aالمنظمة العربية للتربية والثقافة
245 1 0 _aتوحيد مصطلحات الشهر العقارى فى البلاد العربية /
_cالمنظمة العربية للتربية والثقافة
260 _a[S.N] :
_bالمنظمة الاسلامية للتربية والعلوم والثقافة ،
_c1977
300 _a374
490 _a
650 0 4 _aمصطلحات
650 0 4 _aالتوثيق العقارى
650 0 4 _aالشهر العقارى
650 0 4 _aالسجل العينى
942 _2ddc
_cBK
999 _c33182
_d33182